ISRO:A personal history (Record no. 33512)
[ view plain ]
| 000 -LEADER | |
|---|---|
| fixed length control field | 00303nam a2200157Ia 4500 |
| 082 ## - DEWEY DECIMAL CLASSIFICATION NUMBER | |
| Item number | ARA |
| 100 ## - MAIN ENTRY--PERSONAL NAME | |
| Personal name | Aravamudan/R |
| 245 ## - TITLE STATEMENT | |
| Title | ISRO:A personal history |
| 260 ## - PUBLICATION, DISTRIBUTION, ETC. | |
| Name of publisher, distributor, etc. | Harper collins |
| Date of publication, distribution, etc. | 2017 |
| 366 ## - TRADE AVAILABILITY INFORMATION | |
| Publishers's discount category | 20 |
| 300 ## - PHYSICAL DESCRIPTION | |
| Extent | 240 |
| 546 ## - LANGUAGE NOTE | |
| Language note | ENGLISH |
| 650 ## - SUBJECT ADDED ENTRY--TOPICAL TERM | |
| Topical term or geographic name entry element | ISRO |
| 942 ## - ADDED ENTRY ELEMENTS (KOHA) | |
| Koha item type | BOOK |
| Withdrawn status | Lost status | Damaged status | Not for loan | Collection | Home library | Current library | Date acquired | Source of acquisition | Cost, normal purchase price | Inventory number | Total Checkouts | Total Renewals | Full call number | Barcode | Date last seen | Date last checked out | Cost, replacement price | Price effective from | Koha item type |
|---|---|---|---|---|---|---|---|---|---|---|---|---|---|---|---|---|---|---|---|
| CRC | Fr. Agnel's C.Rodrigues College of Engineering | AGNEL TECHNICAL COLLEGE LIBRARY | 17/03/2023 | Shroff Publishers | 319.20 | 4301 dt 02.02.2018 | 3 | 1 | ARA | 25042 | 10/03/2026 | 16/02/2026 | 399.00 | BOOK |